Statistics for Ближайшие страны к Европе

Click here to take the quiz!

General Stats

  • This quiz has been taken 48 times
  • The average score is 16 of 20

Answer Stats

кмСтрана% Correct
363Египет
95%
725Израиль
93%
14Марокко
93%
153Алжир
93%
110Армения
91%
165Иран
91%
0Азербайджан
88%
511Ирак
88%
0Турция
86%
70Тунис
86%
0Грузия
86%
970Саудовская Аравия
84%
0Казахстан
84%
625Сирия
79%
259Ливия
77%
535Узбекистан
70%
713Ливан
70%
392Кипр
67%
789Иордания
65%
321Туркменистан
63%

Score Distribution

Percentile by Number Answered

Percent of People with Each Score

Your Score History

You have not taken this quiz